El Estado, la enseñanza superior y las universidades particulares /
sin resumen
Uloženo v:
| Hlavní autor: | |
|---|---|
| Médium: | Text |
| Témata: | |
| Tagy: |
Přidat tag
Žádné tagy, Buďte první, kdo vytvoří štítek k tomuto záznamu!
|
MARC
| LEADER | 00000 a a2200000 04500 | ||
|---|---|---|---|
| 001 | 15425 | ||
| 003 | |||
| 040 | |||
| 100 | |a Moncada Silva, Efraín | ||
| 245 | |a El Estado, la enseñanza superior y las universidades particulares / |c Efraín Moncada Silva | ||
| 520 | |a sin resumen | ||
| 650 | |a EDUCACION | ||
| 650 | |a EDUCACION PUBLICA | ||
| 650 | |a SISTEMAS DE ENSEÑANZA | ||
| 650 | |a ENSEÑANZA SUPERIOR | ||
| 650 | |a ESTADO | ||
| 773 | |g volumen 12, número 12; páginas 93-127 | ||
| 999 | |c 39061 |d 39061 | ||
| 773 | 0 | |0 43276 |9 4749 |d Tegucigalpa, Honduras: Universidad Nacional Autónoma de Honduras. Facultad de Ciencias Jurídicas y Sociales, 1970- |o MFN: 0992 |t Revista de Derecho/ | |
